Nuestras amigas las plantas / (Record no. 175651)

MARC details
000 -LEADER
campo de control de longitud fija 01138nam a2200313 i 4500
001 - NÚMERO DE CONTROL
campo de control 175651
003 - IDENTIFICADOR DE NÚMERO DE CONTROL
campo de control ES-MaACL
005 - FECHA Y HORA DE LA ÚLTIMA TRANSACCIÓN
campo de control 20250818131151.0
007 - CAMPO FIJO DE DESCRIPCIÓN FÍSICA--INFORMACIÓN GENERAL
campo de control de longitud fija t|
008 - DATOS DE LONGITUD FIJA--INFORMACIÓN GENERAL
campo de control de longitud fija 101115s1977 sp a 001 0 spa d
020 ## - NÚMERO INTERNACIONAL ESTÁNDAR DEL LIBRO
Número Internacional Estándar del Libro 84-225-0164-3
020 ## - NÚMERO INTERNACIONAL ESTÁNDAR DEL LIBRO
Número Internacional Estándar del Libro 84-225-0165-1
020 ## - NÚMERO INTERNACIONAL ESTÁNDAR DEL LIBRO
Número Internacional Estándar del Libro 84-225-0166-X
080 ## - NÚMERO DE LA CLASIFICACIÓN DECIMAL UNIVERSAL
Número de la Clasificación Decimal Universal 581.6
080 ## - NÚMERO DE LA CLASIFICACIÓN DECIMAL UNIVERSAL
Número de la Clasificación Decimal Universal 615.3
100 1# - ENTRADA PRINCIPAL--NOMBRE DE PERSONA
Nombre de persona Manta, Danièle.
9 (RLIN) 143928
245 10 - MENCIÓN DEL TÍTULO
Título Nuestras amigas las plantas /
Mención de responsabilidad, etc. texto de Danièle Manta y Diego Semolli ; asesor técnico: Giuseppe Alongi ; [traducido del italiano por Ester Sananes Venero y Consuelo Reyes Torrent].
260 ## - PUBLICACIÓN, DISTRIBUCIÓN, ETC.
Lugar de publicación, distribución, etc. Madrid :
Nombre del editor, distribuidor, etc. Círculo de Amigos de la Historia,
Fecha de publicación, distribución, etc. 1977.
300 ## - DESCRIPCIÓN FÍSICA
Extensión 3 v. :
Otras características físicas il. ;
Dimensiones 18 cm.
505 0# - NOTA DE CONTENIDO CON FORMATO
Nota de contenido con formato 1. La salud a través de las plantas - 2. Vivir mejor gracias a las plantas - 3. Enciclopedia de las plantas
650 07 - PUNTO DE ACCESO ADICIONAL DE MATERIA--TÉRMINO DE MATERIA
Término de materia o nombre geográfico como elemento de entrada Plantas medicinales
Fuente del encabezamiento o término embne
9 (RLIN) 16118
700 1# - ENTRADA AGREGADA--NOMBRE PERSONAL
Nombre de persona Semolli, Diego.
9 (RLIN) 143930
700 1# - ENTRADA AGREGADA--NOMBRE PERSONAL
Nombre de persona Alongi, Giuseppe.
9 (RLIN) 143929
700 1# - ENTRADA AGREGADA--NOMBRE PERSONAL
Nombre de persona Sananes Venero, Ester .
9 (RLIN) 160059
700 1# - ENTRADA AGREGADA--NOMBRE PERSONAL
Nombre de persona Reyes Torrent, Consuelo.
9 (RLIN) 143931
700 2# - ENTRADA AGREGADA--NOMBRE PERSONAL
Nombre de persona
9 (RLIN) 241914
852 ## - LOCALIZACIÓN
Ubicación ES-MaACL
Número de control de estantería E-13524-26
Holdings
Estatus retirado Estado de pérdida Estado de daño No para préstamo Biblioteca de origen Biblioteca actual Ubicación en estantería Fecha de adquisición Fuente de adquisición Total de préstamos Signatura topográfica completa Código de barras Visto por última vez Precio de reemplazo Tipo de ítem Koha
        Biblioteca del Ateneo de Madrid Biblioteca del Ateneo de Madrid Depósito 2 15/11/2010     E-13524-26 1184447 23/02/2023 23/02/2023 Libro impreso